000 00980nam a2200253 a 4500
001 BRCA_4354
005 20190320204635.0
008 300410m19191932mx-a######---#000-0#spa-#
041 _aspa
044 _amx
050 4 _aQ23
_b.M46 8 1919
245 1 0 _aMemorias y revista de la Sociedad Científica ´Antonio Alzate´
_cpublicadas bajo la dirección de Rafael Aguilar y Santillan.
260 _aMéxico
_bAcademia Nacional de Ciencias
_c1919-1932
300 _a3 fascículos
_bil.
_c24 cm.
500 _aTomo 38, Núms. 3 y 4 marzo 1919 ; Tomo 38, Núms. 5-8 junio 1919 ; Tomo 52, 1929-1930, Núms. 1-4, 1932
500 _aRevista inventariada por Banco de México como libro
500 _aVer también AA19, C30, H31, H56, Q141, Q142, Q143, S126, X9 y X39
500 _aQ144
650 1 4 _aCiencia
_vPublicaciones periódicas
_910791
700 1 _aAguilar y Santillan, Rafael
_911118
710 2 _aAcademia Nacional de Ciencias
_910792
902 _aGFM
942 _2lcc
_cB
999 _c4065
_d4065